| 000 | 00634nam a22001697a 4500 | ||
|---|---|---|---|
| 003 | NUST | ||
| 038 | _aNusrat Nadeem | ||
| 082 | _a200 | ||
| 100 |
_aChaudhry, Muhammad Bilal _9125316 |
||
| 245 |
_aThe Impact of digital technology on changing consumer behaviors and how to build a top-notch e-commerce business (for the apparel industry) in Pakistan/ _cMuhammad Bilal Chaudhry |
||
| 264 |
_aIslamabad; _bNBS NUST; _c2024. |
||
| 300 |
_a55,p; _bill _c30,cm. |
||
| 650 |
_aExecutive MBA _9120079 |
||
| 700 |
_aSupervisor: Dr. Nabeel Safdar _9119913 |
||
| 856 | _u http://10.250.8.41:8080/xmlui/handle/123456789/45562 | ||
| 942 |
_2ddc _cSC |
||
| 999 |
_c611074 _d611074 |
||